000 00282nam a22001217a 4500
041 _aENG
100 _aMaharashta Shasan
245 _aMaharashta Jal Sinchan Ayog Ahaval Khanda 3
260 _aMaharashta
_bMaharashta Shasan
_c1999
300 _a995
650 _aGAE
856 _uGAE
999 _c655
_d655